موجیں اور اھتزازات﹚WAVES AND OSCILLATIONS﹙: (Record no. 544281)

000 -LEADER
fixed length control field 00630nam a2200169 a 4500
082 ## - DEWEY DECIMAL CLASSIFICATION NUMBER
Classification number 531.32
Author Mark WAV
245 1# - TITLE STATEMENT
Title موجیں اور اھتزازات﹚WAVES AND OSCILLATIONS﹙:
Remainder of title بی ایس سی ﹚فزکس﹙کے نصاب کے مطابق
250 ## - EDITION STATEMENT
Edition statement بار ساتواں
260 ## - PUBLICATION, DISTRIBUTION, ETC.
Place of publication, distribution, etc. لاھور:
Name of publisher, distributor, etc. اردو سائنس بورڈ,
Date of publication, distribution, etc. 2003
300 ## - PHYSICAL DESCRIPTION
Extent 260ص
500 ## - GENERAL NOTE
General note سلسلہ مطبوعات نمبر125
526 ## - STUDY PROGRAM INFORMATION NOTE
Program name 0
Interest level 0
Reading level 0
Title point value 531_320000000000000_WAV
650 #0 - SUBJECT ADDED ENTRY--TOPICAL TERM
Topical term or geographic name entry element MCE
9 (RLIN) 379
650 #0 - SUBJECT ADDED ENTRY--TOPICAL TERM
Topical term or geographic name entry element طبعیات ۔۔ نصابی کتب
9 (RLIN) 39866
700 ## - ADDED ENTRY--PERSONAL NAME
Personal name طاہر حسین ، ڈاکٹر﹚مدیر﹙
9 (RLIN) 39867
942 ## - ADDED ENTRY ELEMENTS (KOHA)
Source of classification or shelving scheme
Koha item type Book
Holdings
Withdrawn status Lost status Source of classification or shelving scheme Damaged status Not for loan Permanent Location Current Location Date acquired Total Checkouts Full call number Barcode Date last seen Price effective from Koha item type
          Military College of Engineering (MCE) Military College of Engineering (MCE) 04/16/2014   531.32 WAV MCE-41433 04/16/2014 04/16/2014 Book
© 2023 Central Library, National University of Sciences and Technology. All Rights Reserved.